Drapeaux constitués de 3 bandes de couleurs - Statistiques

Statistiques générales
  • Ce quiz a été pris 19 fois
  • Le résultat moyen est 16 sur 25
Statistiques - réponses
Réponses % Correct
Allemagne
100%
Belgique
100%
France
100%
Italie
82%
Pays-Bas
82%
Autriche
76%
Roumanie
76%
Estonie
71%
Hongrie
71%
Irlande
71%
Luxembourg
71%
Russie
71%
Côte d'Ivoire
65%
Lituanie
65%
Mali
65%
Bulgarie
59%
Colombie
59%
Lettonie
59%
Nigeria
59%
Tchad
53%
Arménie
41%
Guinée
41%
Yemen
41%
Gabon
35%
Sierra Leone
29%
Aucun quiz correspondant
Distribution des résultats
% des personnes avec chaque résultat
Percentile par nombre de réponses
Votre historique - résultats
Vous n’avez pas pris ce quiz